| 000 | 00706aam a2200253 4500 | ||
|---|---|---|---|
| 005 | 20250729140625.0 | ||
| 008 | 150610b2007 xxu||||| |||| 00| 0 spa d | ||
| 020 | _a9789701513248 | ||
| 041 | _aESP | ||
| 082 | _a332.642 S443b2 | ||
| 100 |
_aSebastian de Erice, Ignacio _924053 |
||
| 245 | _aLa bolsa y la vida: confesiones de un jornalero | ||
| 250 | _a2 edición | ||
| 260 |
_aMéxico _bAlfaomega _c2007 |
||
| 300 | _a153 páginas | ||
| 490 | _aDirección y Administración de Empresas | ||
| 650 | _aBOLSA DE VALORES | ||
| 650 | _aINVERSIONES | ||
| 650 | _aVIDA | ||
| 650 | _aANÁLISIS TECNICO | ||
| 650 | _aESTRATEGIA DE INVERSIÓN | ||
| 650 | _aRENDIMIENTO DE AHORRO | ||
| 942 |
_cBK _2ddc |
||
| 999 |
_c2753 _d2753 |
||